000 00718nam a22002297a 4500
003 UA-OsUOA
001 43800
007 ta
008 20070124b un ||||| |||| 00| 0 ukr d
100 _aГречко Д.С.
700 _aСвистун Г.Є.
090 _a902
_bГ-11
942 _cSA
040 _aUA-OsUOA
_bukr
_cUA-OsUOA
_dUA-OsUOA
245 _aДеякі питання вивчення лісостепових городищ скіфського часу на Сіверському Дінці
300 _aС.18-20
955 _a0
041 _aukr
080 _a902
773 0 _w43798
_tАрхеологія
_dК.
_d2006
_g4
650 7 _a9 Географія. Біографії. Історія
_2UDC
999 _c329917
_d329917